Asset Valuation

Bibliographic Details
Main Author: RAYNER, Micheal
Format: Book
Published: London : Mcmillon Education , 1988
Subjects:

MARC

LEADER 00000cam a2200000 7i4500
001 0000001681
005 19991126.0
020 |a 0333363515 
040 |a INS 
090 0 0 |a 657.73   |b RAY 
100 1 |a RAYNER, Micheal 
245 1 0 |a Asset Valuation   |c Micheal Rayner 
260 |a London :   |b Mcmillon Education ,   |c 1988 
300 |a 58p ;   |c 23cm. 
500 |a Includes index 
650 0 0 |a Cooperation   |x Valuation   |z Great Britain 
999 |a 0000003477   |b BOOK   |c Open Shelf   |e Default branch